[Event "DEM U16 2022"]
[Site "Willingen GER"]
[Date "2022.06.05"]
[Round "2"]
[White "Albert, Markus"]
[Black "Tovmasyan, Minas"]
[Result "1-0"]
[Termination "normal"]
[Board "10"]
[WhiteElo "2053"]
[BlackElo "1933"]
[WhiteClock "00:35:58"]
[BlackClock "00:00:47"]
[PlyCount "63"]
[WhiteFideId "16292626"]
[BlackFideId "16247620"]
[EventCountry "GER"]
[EventRounds "9"]
[EventType "swiss"]
[EventDate "2022.06.04"]

1. e4 c5 {[%clk 1:30:40]} 2. Nc3 {[%clk 1:31:20]} e6 {[%clk 1:30:47]} 3. Nf3
{[%clk 1:31:20]} a6 {[%clk 1:30:49]} 4. d4 {[%clk 1:30:56]} cxd4 {[%clk
1:31:12]} 5. Nxd4 {[%clk 1:31:21]} Qc7 {[%clk 1:30:46]} 6. a3 {[%clk 1:31:23]}
Nf6 {[%clk 1:30:23]} 7. f4 {[%clk 1:31:40]} d6 {[%clk 1:30:00]} 8. Be3 {[%clk
1:30:39]} b5 {[%clk 1:28:19]} 9. Qf3 {[%clk 1:29:45]} Bb7 {[%clk 1:27:42]} 10.
g4 {[%clk 1:29:51]} Nc6 {[%clk 1:21:55]} 11. O-O-O {[%clk 1:27:18]} Be7 {[%clk
1:20:24]} 12. g5 {[%clk 1:26:32]} Nd7 {[%clk 1:19:53]} 13. h4 {[%clk 1:26:23]}
O-O-O {[%clk 1:12:33]} 14. f5 {[%clk 1:19:52]} Nde5 {[%clk 0:57:12]} 15. Qh3
{[%clk 1:14:46]} Nxd4 {[%clk 0:49:51]} 16. Bxd4 {[%clk 1:15:05]} exf5 {[%clk
0:46:48]} 17. exf5 {[%clk 1:14:04]} Kb8 {[%clk 0:44:58]} 18. Bg2 {[%clk
1:13:30]} Rc8 {[%clk 0:25:24]} 19. Rhe1 {[%clk 1:10:35]} f6 {[%clk 0:23:27]}
20. gxf6 {[%clk 1:00:28]} Bxf6 {[%clk 0:19:31]} 21. Bxb7 {[%clk 0:57:31]} Kxb7
{[%clk 0:12:23]} 22. Kb1 {[%clk 0:53:36]} Qc6 {[%clk 0:08:07]} 23. Qg3 {[%clk
0:52:39]} a5 {[%clk 0:06:07]} 24. Ne4 {[%clk 0:50:26]} Rhd8 {[%clk 0:01:09]}
25. Rc1 {[%clk 0:40:59]} Qc4 {[%clk 0:00:32]} 26. Nxd6+ {[%clk 0:40:37]} Rxd6
{[%clk 0:01:00]} 27. Bxe5 {[%clk 0:40:59]} Rd2 {[%clk 0:00:34]} 28. Bxf6 {[%clk
0:40:33]} gxf6 {[%clk 0:00:34]} 29. Re7+ {[%clk 0:40:22]} Ka8 {[%clk 0:00:33]}
30. Qe1 {[%clk 0:35:49]} Qd5 {[%clk 0:00:31]} 31. Rxh7 {[%clk 0:35:44]} b4
{[%clk 0:00:47]} 32. Qe7 {[%clk 0:35:58]} 1-0

[Event "DEM U16 2022"]
[Site "Willingen GER"]
[Date "2022.06.05"]
[Round "2"]
[White "Guo, Philipp Ziming"]
[Black "Gluma, Christian"]
[Result "0-1"]
[Termination "normal"]
[Board "11"]
[WhiteElo "1825"]
[BlackElo "2014"]
[WhiteClock "01:25:37"]
[BlackClock "01:25:45"]
[PlyCount "56"]
[WhiteFideId "16245199"]
[BlackFideId "16223209"]
[EventCountry "GER"]
[EventRounds "9"]
[EventType "swiss"]
[EventDate "2022.06.04"]

1. e4 g6 2. d4 Bg7 3. Nc3 c6 4. Bc4 d5 5. exd5 b5 6. Bb3 b4 7. Na4 cxd5 8. Nf3
Bg4 9. h3 Bxf3 10. Qxf3 e6 11. Be3 Nc6 {normal} 12. c3 bxc3 13. bxc3 Nge7 14.
O-O Nf5 15. Nc5 O-O 16. Rfd1 Qa5 17. Bf4 Ncxd4 18. cxd4 Nxd4 19. Rxd4 Bxd4 20.
Nb7 Qb6 21. Rd1 Bg7 22. Nd6 Rad8 23. Bxd5 exd5 24. Qxd5 Rd7 25. Rd3 Rfd8 26.
Rf3 Bf8 27. Bg5 Bxd6 28. Bxd8 Qb1+ 0-1

[Event "DEM U16 2022"]
[Site "Willingen GER"]
[Date "2022.06.05"]
[Round "2"]
[White "Hecht, Jonas Christian"]
[Black "Bungarten, Jona"]
[Result "0-1"]
[Termination "normal"]
[Board "13"]
[WhiteElo "1938"]
[BlackElo "1843"]
[WhiteClock "00:03:30"]
[BlackClock "00:23:53"]
[PlyCount "182"]
[WhiteFideId "16214846"]
[BlackFideId "16223608"]
[EventCountry "GER"]
[EventRounds "9"]
[EventType "swiss"]
[EventDate "2022.06.04"]

1. d4 {[%clk 1:30:57]} d5 {[%clk 1:30:54]} 2. Bf4 {[%clk 1:31:23]} Nf6 {[%clk
1:31:16]} 3. Nf3 {[%clk 1:31:49]} c5 {[%clk 1:31:27]} 4. e3 {[%clk 1:31:38]}
Nc6 {[%clk 1:31:30]} 5. c3 {[%clk 1:32:02]} Qb6 {[%clk 1:31:34]} 6. Qb3 {[%clk
1:31:33]} c4 {[%clk 1:31:54]} 7. Qc2 {[%clk 1:30:43]} Bf5 {[%clk 1:32:13]} 8.
Qc1 {[%clk 1:31:07]} h6 {[%clk 1:31:50]} 9. h3 {[%clk 1:29:22]} e6 {[%clk
1:31:12]} 10. Nbd2 {[%clk 1:29:38]} Qd8 {[%clk 1:28:35]} 11. b3 {[%clk
1:26:45]} b5 {[%clk 1:27:38]} 12. a4 {[%clk 1:22:14]} a6 {[%clk 1:13:53]} 13.
Be2 {[%clk 1:18:18]} Be7 {[%clk 1:13:46]} 14. O-O {[%clk 1:17:14]} O-O {[%clk
1:14:02]} 15. axb5 {[%clk 1:08:29]} axb5 {[%clk 1:14:25]} 16. b4 {[%clk
1:07:54]} Qb6 {[%clk 1:11:05]} 17. Qb2 {[%clk 1:06:30]} Qb7 {[%clk 1:06:53]}
18. Ne5 {[%clk 0:48:20]} Nxe5 {[%clk 1:05:26]} 19. dxe5 {[%clk 0:44:33]} Nd7
{[%clk 1:04:46]} 20. Nf3 {[%clk 0:44:05]} f6 {[%clk 1:03:13]} 21. Bh2 {[%clk
0:35:01]} fxe5 {[%clk 1:00:46]} 22. Nxe5 {[%clk 0:33:29]} Bf6 {[%clk 1:00:34]}
23. Nf3 {[%clk 0:25:15]} e5 {[%clk 0:58:35]} 24. Rfd1 {[%clk 0:23:56]} Rfe8
{[%clk 0:52:56]} 25. Qd2 {[%clk 0:20:04]} Nb6 {[%clk 0:50:40]} 26. Rxa8 {[%clk
0:15:50]} Qxa8 {[%clk 0:50:55]} 27. Qb2 {[%clk 0:12:42]} Qc6 {[%clk 0:47:23]}
28. Qd2 {[%clk 0:11:45]} Qe6 {[%clk 0:45:28]} 29. Ra1 {[%clk 0:10:34]} Na4
{[%clk 0:42:51]} 30. Bd1 {[%clk 0:08:19]} Qc6 {[%clk 0:29:39]} 31. Bxa4 {[%clk
0:07:26]} bxa4 {[%clk 0:30:00]} 32. Qd1 {[%clk 0:07:04]} Bd7 {[%clk 0:29:43]}
33. Bg3 {[%clk 0:07:13]} Qe6 {[%clk 0:28:39]} 34. Ra3 {[%clk 0:05:33]} Bb5
{[%clk 0:26:02]} 35. Qd2 {[%clk 0:04:29]} Rd8 {[%clk 0:26:14]} 36. Kh1 {[%clk
0:03:40]} Qf5 {[%clk 0:25:54]} 37. Ra1 {[%clk 0:03:14]} Qe4 {[%clk 0:23:48]}
38. Rd1 {[%clk 0:01:57]} Kf7 {[%clk 0:20:10]} 39. Kg1 {[%clk 0:01:30]} Ke6
{[%clk 0:20:02]} 40. Qb2 {[%clk 0:01:14]} Ra8 {[%clk 0:19:31]} 41. Qb1 {[%clk
0:25:32]} Qxb1 {[%clk 0:47:57]} 42. Rxb1 {[%clk 0:25:56]} d4 {[%clk 0:45:16]}
43. exd4 {[%clk 0:20:17]} exd4 {[%clk 0:45:39]} 44. Nxd4+ {[%clk 0:18:04]} Bxd4
{[%clk 0:46:02]} 45. cxd4 {[%clk 0:18:31]} Kd5 {[%clk 0:45:50]} 46. Be5 {[%clk
0:17:31]} g5 {[%clk 0:42:57]} 47. Kf1 {[%clk 0:16:25]} Ke4 {[%clk 0:42:47]} 48.
Ke2 {[%clk 0:12:56]} c3+ {[%clk 0:42:55]} 49. Kd1 {[%clk 0:13:19]} Rc8 {[%clk
0:39:26]} 50. Ra1 {[%clk 0:13:26]} Bc4 {[%clk 0:38:10]} 51. Kc1 {[%clk
0:13:16]} Bb3 {[%clk 0:38:14]} 52. b5 {[%clk 0:12:55]} Kd5 {[%clk 0:38:32]} 53.
b6 {[%clk 0:10:04]} Rf8 {[%clk 0:36:25]} 54. f3 {[%clk 0:08:57]} Rf7 {[%clk
0:36:42]} 55. Kb1 {[%clk 0:07:13]} Rb7 {[%clk 0:36:34]} 56. Bc7 {[%clk
0:07:07]} Kxd4 {[%clk 0:36:57]} 57. g3 {[%clk 0:06:40]} Kd3 {[%clk 0:32:09]}
58. Kc1 {[%clk 0:06:11]} Ke3 {[%clk 0:27:29]} 59. f4 {[%clk 0:06:23]} Ke4
{[%clk 0:25:39]} 60. Ra3 {[%clk 0:05:06]} gxf4 {[%clk 0:25:55]} 61. gxf4 {[%clk
0:05:29]} Kf5 {[%clk 0:26:05]} 62. Ra1 {[%clk 0:03:44]} Ke6 {[%clk 0:26:21]}
63. Ra3 {[%clk 0:03:38]} Kd7 {[%clk 0:23:39]} 64. Be5 {[%clk 0:03:56]} Rxb6
{[%clk 0:24:01]} 65. Bxc3 {[%clk 0:04:21]} Rg6 {[%clk 0:23:41]} 66. Ra1 {[%clk
0:03:56]} Rg2 {[%clk 0:23:33]} 67. Bd2 {[%clk 0:03:59]} Ke6 {[%clk 0:23:40]}
68. f5+ {[%clk 0:03:56]} Kxf5 {[%clk 0:23:57]} 69. Bxh6 {[%clk 0:04:20]} Rc2+
{[%clk 0:24:00]} 70. Kb1 {[%clk 0:04:43]} Rh2 {[%clk 0:24:21]} 71. Bg7 {[%clk
0:01:57]} Kg5 {[%clk 0:23:45]} 72. Kc1 {[%clk 0:01:32]} Rc2+ {[%clk 0:23:41]}
73. Kb1 {[%clk 0:01:27]} Kh4 {[%clk 0:24:03]} 74. Bf6+ {[%clk 0:01:48]} Kxh3
{[%clk 0:24:27]} 75. Bh8 {[%clk 0:02:08]} Kg3 {[%clk 0:24:49]} 76. Bg7 {[%clk
0:02:33]} Kf3 {[%clk 0:25:13]} 77. Bf6 {[%clk 0:02:59]} Ke3 {[%clk 0:25:26]}
78. Bg5+ {[%clk 0:03:09]} Kd3 {[%clk 0:25:50]} 79. Bf6 {[%clk 0:03:34]} Rf2
{[%clk 0:25:32]} 80. Bh8 {[%clk 0:03:42]} Kc4 {[%clk 0:25:09]} 81. Be5 {[%clk
0:03:44]} Re2 {[%clk 0:23:56]} 82. Bg7 {[%clk 0:04:05]} Rg2 {[%clk 0:23:25]}
83. Be5 {[%clk 0:03:34]} Rf2 {[%clk 0:23:51]} 84. Kc1 {[%clk 0:03:34]} Ba2
{[%clk 0:23:19]} 85. Bg7 {[%clk 0:02:49]} Kb3 {[%clk 0:22:59]} 86. Bh8 {[%clk
0:03:00]} a3 {[%clk 0:23:04]} 87. Bg7 {[%clk 0:03:26]} Rf1+ {[%clk 0:22:55]}
88. Kd2 {[%clk 0:03:43]} Bb1 {[%clk 0:23:16]} 89. Be5 {[%clk 0:03:18]} a2
{[%clk 0:23:38]} 90. Bg7 {[%clk 0:03:30]} Rf7 {[%clk 0:23:31]} 91. Be5 {[%clk
0:03:30]} Rd7+ {[%clk 0:23:53]} 0-1

[Event "DEM U16 2022"]
[Site "Willingen GER"]
[Date "2022.06.05"]
[Round "2"]
[White "Heinrich, John"]
[Black "Neuber, Pascal"]
[Result "1-0"]
[Termination "normal"]
[Board "14"]
[WhiteElo "2011"]
[BlackElo "1802"]
[WhiteClock "00:02:58"]
[BlackClock "00:01:01"]
[PlyCount "79"]
[WhiteFideId "16259491"]
[BlackFideId "16227611"]
[EventCountry "GER"]
[EventRounds "9"]
[EventType "swiss"]
[EventDate "2022.06.04"]

1. e4 {[%clk 1:30:55]} c6 {[%clk 1:30:55]} 2. Nc3 {[%clk 1:31:07]} d5 {[%clk
1:29:34]} 3. Nf3 {[%clk 1:30:44]} dxe4 {[%clk 1:20:25]} 4. Nxe4 {[%clk
1:31:07]} Bf5 {[%clk 1:20:47]} 5. Ng3 {[%clk 1:31:25]} Bg6 {[%clk 1:19:05]} 6.
h4 {[%clk 1:31:18]} Nf6 {[%clk 1:15:27]} 7. h5 {[%clk 1:22:12]} Be4 {[%clk
1:15:46]} 8. Nxe4 {[%clk 1:20:31]} Nxe4 {[%clk 1:16:14]} 9. Bd3 {[%clk
1:14:53]} Nf6 {[%clk 1:12:08]} 10. b3 {[%clk 1:12:11]} Nbd7 {[%clk 1:10:50]}
11. Bb2 {[%clk 1:11:54]} e6 {[%clk 1:09:37]} 12. h6 {[%clk 1:04:38]} gxh6
{[%clk 1:06:54]} 13. Qe2 {[%clk 0:54:27]} Rg8 {[%clk 1:06:01]} 14. g3 {[%clk
0:50:08]} Nc5 {[%clk 0:53:40]} 15. Bf5 {[%clk 0:45:08]} Qe7 {[%clk 0:49:16]}
16. Bh3 {[%clk 0:43:07]} O-O-O {[%clk 0:48:54]} 17. O-O-O {[%clk 0:41:18]} Bg7
{[%clk 0:45:52]} 18. Kb1 {[%clk 0:37:32]} Nd5 {[%clk 0:37:39]} 19. d4 {[%clk
0:35:55]} Na6 {[%clk 0:25:07]} 20. c4 {[%clk 0:35:21]} Nb6 {[%clk 0:24:33]} 21.
Ne5 {[%clk 0:33:40]} Nc7 {[%clk 0:14:44]} 22. Rhe1 {[%clk 0:24:01]} Bxe5 {[%clk
0:12:26]} 23. Qxe5 {[%clk 0:22:19]} Rg5 {[%clk 0:11:48]} 24. Qf4 {[%clk
0:20:01]} a5 {[%clk 0:09:41]} 25. d5 {[%clk 0:17:15]} Qb4 {[%clk 0:02:32]} 26.
dxc6 {[%clk 0:09:32]} Rxd1+ {[%clk 0:01:33]} 27. Rxd1 {[%clk 0:09:56]} bxc6
{[%clk 0:02:01]} 28. Qxf7 {[%clk 0:09:38]} a4 {[%clk 0:01:25]} 29. Bxe6+ {[%clk
0:09:09]} Kb7 {[%clk 0:01:43]} 30. Kc2 {[%clk 0:08:30]} Ra5 {[%clk 0:00:37]}
31. Bh3 {[%clk 0:04:55]} Qc5 {[%clk 0:00:40]} 32. Bg2 {[%clk 0:03:03]} axb3+
{[%clk 0:00:52]} 33. axb3 {[%clk 0:03:26]} Ra2 {[%clk 0:00:36]} 34. Kb1 {[%clk
0:02:59]} Ra5 {[%clk 0:00:40]} 35. Qf6 {[%clk 0:02:46]} Nxc4 {[%clk 0:00:32]}
36. bxc4 {[%clk 0:02:31]} Qxc4 {[%clk 0:01:00]} 37. Qc3 {[%clk 0:02:14]} Qa2+
{[%clk 0:01:08]} 38. Kc2 {[%clk 0:02:11]} Qa4+ {[%clk 0:00:55]} 39. Qb3+ {[%clk
0:02:33]} Qxb3+ {[%clk 0:01:01]} 40. Kxb3 {[%clk 0:02:58]} 1-0

[Event "DEM U16 2022"]
[Site "Willingen GER"]
[Date "2022.06.05"]
[Round "2"]
[White "Beyer, Lorenz"]
[Black "Spriestersbach, Kai"]
[Result "1-0"]
[Termination "normal"]
[Board "15"]
[WhiteElo "1512"]
[BlackElo "1948"]
[WhiteClock "00:49:32"]
[BlackClock "00:33:56"]
[PlyCount "49"]
[WhiteFideId "16245393"]
[BlackFideId "16269985"]
[EventCountry "GER"]
[EventRounds "9"]
[EventType "swiss"]
[EventDate "2022.06.04"]

1. d4 {[%clk 1:30:58]} Nf6 {[%clk 1:30:54]} 2. Nf3 {[%clk 1:31:24]} g6 {[%clk
1:31:18]} 3. Bf4 {[%clk 1:31:49]} Bg7 {[%clk 1:31:42]} 4. e3 {[%clk 1:32:15]}
O-O {[%clk 1:31:48]} 5. Be2 {[%clk 1:32:30]} d6 {[%clk 1:32:11]} 6. O-O {[%clk
1:32:54]} Nfd7 {[%clk 1:32:27]} 7. c3 {[%clk 1:31:21]} e5 {[%clk 1:32:24]} 8.
dxe5 {[%clk 1:30:16]} dxe5 {[%clk 1:32:33]} 9. Bg3 {[%clk 1:30:32]} h6 {[%clk
1:26:38]} 10. Nbd2 {[%clk 1:28:20]} Nc6 {[%clk 1:26:54]} 11. Qc2 {[%clk
1:27:53]} f5 {[%clk 1:22:54]} 12. h3 {[%clk 1:23:15]} Qf6 {[%clk 1:15:20]} 13.
Bc4+ {[%clk 1:21:16]} Kh8 {[%clk 1:13:57]} 14. Rad1 {[%clk 1:20:30]} Nb6 {[%clk
1:10:24]} 15. Bb5 {[%clk 1:19:10]} f4 {[%clk 1:07:06]} 16. exf4 {[%clk
1:09:09]} exf4 {[%clk 1:07:20]} 17. Nh4 {[%clk 1:06:32]} Ne7 {[%clk 1:02:27]}
18. Bd3 {[%clk 1:02:20]} g5 {[%clk 0:54:04]} 19. Ne4 {[%clk 1:02:03]} Qc6
{[%clk 0:53:50]} 20. Qe2 {[%clk 0:58:23]} fxg3 {[%clk 0:48:34]} 21. Nxg5 {[%clk
0:56:30]} hxg5 {[%clk 0:47:23]} 22. Ng6+ {[%clk 0:53:33]} Nxg6 {[%clk 0:41:44]}
23. Qh5+ {[%clk 0:50:08]} Kg8 {[%clk 0:41:58]} 24. Bxg6 {[%clk 0:50:19]} Re8
{[%clk 0:33:56]} 25. Qh7+ {[%clk 0:49:32]} 1-0

[Event "DEM U16 2022"]
[Site "Willingen GER"]
[Date "2022.06.05"]
[Round "2"]
[White "Rempe, Jonas"]
[Black "Weidenhöfer, Max"]
[Result "1-0"]
[Termination "normal"]
[Board "16"]
[WhiteElo "1856"]
[BlackElo "1945"]
[WhiteClock "00:03:11"]
[BlackClock "00:01:44"]
[PlyCount "79"]
[WhiteFideId "16202406"]
[BlackFideId "16230566"]
[EventCountry "GER"]
[EventRounds "9"]
[EventType "swiss"]
[EventDate "2022.06.04"]

1. e4 {[%clk 1:30:58]} c6 {[%clk 1:30:59]} 2. d4 {[%clk 1:31:27]} d5 {[%clk
1:31:22]} 3. f3 {[%clk 1:31:51]} e6 {[%clk 1:31:30]} 4. Nc3 {[%clk 1:03:55]}
Nf6 {[%clk 1:28:46]} 5. Bg5 {[%clk 0:55:08]} Be7 {[%clk 1:28:13]} 6. Qd2 {[%clk
0:51:57]} O-O {[%clk 1:17:46]} 7. O-O-O {[%clk 0:40:15]} b5 {[%clk 1:11:11]} 8.
Bd3 {[%clk 0:32:31]} Re8 {[%clk 0:57:29]} 9. h4 {[%clk 0:18:00]} b4 {[%clk
0:54:39]} 10. Nce2 {[%clk 0:17:30]} a5 {[%clk 0:51:27]} 11. g4 {[%clk 0:15:27]}
Ba6 {[%clk 0:48:10]} 12. e5 {[%clk 0:13:49]} Nfd7 {[%clk 0:47:34]} 13. Bxe7
{[%clk 0:13:51]} Rxe7 {[%clk 0:47:36]} 14. f4 {[%clk 0:13:58]} c5 {[%clk
0:45:05]} 15. f5 {[%clk 0:10:28]} c4 {[%clk 0:38:45]} 16. f6 {[%clk 0:10:38]}
Re8 {[%clk 0:37:45]} 17. Bxh7+ {[%clk 0:04:40]} Kxh7 {[%clk 0:38:08]} 18. g5
{[%clk 0:05:08]} Rh8 {[%clk 0:28:57]} 19. Nf4 {[%clk 0:04:06]} gxf6 {[%clk
0:19:09]} 20. gxf6 {[%clk 0:03:54]} Nxf6 {[%clk 0:19:29]} 21. exf6 {[%clk
0:04:02]} Qxf6 {[%clk 0:19:58]} 22. Nf3 {[%clk 0:03:56]} Rg8 {[%clk 0:17:26]}
23. Ng5+ {[%clk 0:03:26]} Kh8 {[%clk 0:17:52]} 24. c3 {[%clk 0:02:46]} bxc3
{[%clk 0:13:35]} 25. bxc3 {[%clk 0:03:15]} Ra7 {[%clk 0:13:55]} 26. Rdf1 {[%clk
0:02:27]} Rb7 {[%clk 0:13:06]} 27. Qe2 {[%clk 0:02:29]} Qh6 {[%clk 0:11:44]}
28. Qe5+ {[%clk 0:01:48]} Qg7 {[%clk 0:11:24]} 29. Qe2 {[%clk 0:02:01]} Qh6
{[%clk 0:11:28]} 30. Qe5+ {[%clk 0:02:29]} Qg7 {[%clk 0:11:13]} 31. Qxg7+
{[%clk 0:02:57]} Kxg7 {[%clk 0:08:09]} 32. Nh5+ {[%clk 0:01:53]} Kg6 {[%clk
0:07:32]} 33. Nf6 {[%clk 0:02:17]} Rf8 {[%clk 0:06:08]} 34. Rhg1 {[%clk
0:02:27]} Kh6 {[%clk 0:06:18]} 35. Ng4+ {[%clk 0:02:37]} Kh5 {[%clk 0:02:02]}
36. Rf6 {[%clk 0:03:05]} Rh8 {[%clk 0:01:31]} 37. Nxf7 {[%clk 0:03:34]} Rh7
{[%clk 0:01:43]} 38. Nge5 {[%clk 0:03:00]} Nd7 {[%clk 0:01:16]} 39. Rg5+ {[%clk
0:02:46]} Kxh4 {[%clk 0:01:44]} 40. Rf1 {[%clk 0:03:11]} 1-0

[Event "DEM U16 2022"]
[Site "Willingen GER"]
[Date "2022.06.07"]
[Round "4"]
[White "Lutsko, Artem"]
[Black "Petrovskyi, Vadym"]
[Result "1/2-1/2"]
[Termination "normal"]
[Board "1"]
[WhiteElo "2392"]
[BlackElo "2330"]
[WhiteClock "01:17:46"]
[BlackClock "01:25:02"]
[WhiteFideId "14188767"]
[BlackFideId "14165210"]
[EventCountry "GER"]
[EventRounds "9"]
[EventType "swiss"]
[EventDate "2022.06.04"]

1. d4 {[%clk 1:05:18]} Nf6 {[%clk 1:15:48]} 2. c4 {[%clk 1:05:45]} e6 {[%clk
1:16:13]} 3. Nc3 {[%clk 1:06:13]} Bb4 {[%clk 1:16:36]} 4. Qc2 {[%clk 1:06:42]}
O-O {[%clk 1:16:57]} 5. Nf3 {[%clk 1:07:10]} d5 {[%clk 1:17:17]} 6. a3 {[%clk
1:07:38]} Bxc3+ {[%clk 1:17:35]} 7. Qxc3 {[%clk 1:08:05]} dxc4 {[%clk 1:17:41]}
8. Qxc4 {[%clk 1:08:31]} b6 {[%clk 1:17:54]} 9. Bg5 {[%clk 1:08:47]} Bb7 {[%clk
1:18:04]} 10. Rc1 {[%clk 1:09:03]} h6 {[%clk 1:18:27]} 11. Bh4 {[%clk 1:09:17]}
c5 {[%clk 1:18:42]} 12. dxc5 {[%clk 1:09:44]} Nbd7 {[%clk 1:19:07]} 13. c6
{[%clk 1:10:07]} Rc8 {[%clk 1:19:32]} 14. Qa4 {[%clk 1:10:34]} Qc7 {[%clk
1:19:41]} 15. Qxa7 {[%clk 1:10:55]} Ne4 {[%clk 1:19:59]} 16. Bg3 {[%clk
1:11:22]} Qxc6 {[%clk 1:20:23]} 17. Rxc6 {[%clk 1:11:50]} Rxc6 {[%clk 1:20:50]}
18. e3 {[%clk 1:12:16]} Rc1+ {[%clk 1:21:08]} 19. Ke2 {[%clk 1:12:43]} Ndc5
{[%clk 1:21:28]} 20. Nd4 {[%clk 1:13:10]} Rc8 {[%clk 1:21:31]} 21. Qxb6 {[%clk
1:13:36]} Rb1 {[%clk 1:21:45]} 22. Qb4 {[%clk 1:14:04]} f5 {[%clk 1:22:07]} 23.
Be5 {[%clk 1:14:31]} Nd3 {[%clk 1:22:22]} 24. Qxb7 {[%clk 1:14:57]} Re1+ {[%clk
1:22:47]} 25. Kf3 {[%clk 1:15:26]} Nxe5+ {[%clk 1:23:09]} 26. Kf4 {[%clk
1:15:54]} Ng6+ {[%clk 1:23:31]} 27. Kf3 {[%clk 1:16:23]} Nh4+ {[%clk 1:23:52]}
28. Kf4 {[%clk 1:16:49]} Ng6+ {[%clk 1:24:17]} 29. Kf3 {[%clk 1:17:18]} Ne5+
{[%clk 1:24:39]} 30. Kf4 {[%clk 1:17:46]} Ng6+ {[%clk 1:25:02]} 1/2-1/2

[Event "DEM U16 2022"]
[Site "Willingen GER"]
[Date "2022.06.07"]
[Round "4"]
[White "Farokhi, Keyvan"]
[Black "Mimkes, Antal"]
[Result "1-0"]
[Termination "normal"]
[Board "2"]
[WhiteElo "2360"]
[BlackElo "1696"]
[WhiteClock "00:10:25"]
[BlackClock "00:00:37"]
[PlyCount "83"]
[WhiteFideId "12998630"]
[BlackFideId "16265963"]
[EventCountry "GER"]
[EventRounds "9"]
[EventType "swiss"]
[EventDate "2022.06.04"]

1. Nf3 {[%clk 1:30:45]} f5 {[%clk 1:30:10]} 2. c4 {[%clk 1:26:28]} Nf6 {[%clk
1:30:12]} 3. Nc3 {[%clk 1:26:23]} g6 {[%clk 1:30:21]} 4. g3 {[%clk 1:25:38]} d6
{[%clk 1:30:16]} 5. d4 {[%clk 1:25:46]} Bg7 {[%clk 1:30:09]} 6. Bg2 {[%clk
1:25:12]} O-O {[%clk 1:30:06]} 7. O-O {[%clk 1:23:53]} Qe8 {[%clk 1:29:53]} 8.
d5 {[%clk 1:13:07]} e5 {[%clk 1:28:54]} 9. dxe6 {[%clk 1:12:59]} Bxe6 {[%clk
1:29:06]} 10. Nd4 {[%clk 1:08:28]} Bc8 {[%clk 1:18:22]} 11. Qb3 {[%clk
0:59:51]} c6 {[%clk 1:09:23]} 12. Rd1 {[%clk 0:58:46]} Na6 {[%clk 1:05:58]} 13.
Bf4 {[%clk 0:58:29]} Nc5 {[%clk 0:58:13]} 14. Qa3 {[%clk 0:51:19]} Nce4 {[%clk
0:43:22]} 15. Bxd6 {[%clk 0:47:42]} Nxd6 {[%clk 0:40:13]} 16. Qxd6 {[%clk
0:48:03]} Ne4 {[%clk 0:39:18]} 17. Nxe4 {[%clk 0:34:22]} fxe4 {[%clk 0:38:22]}
18. Qa3 {[%clk 0:34:10]} Qf7 {[%clk 0:34:58]} 19. Qe3 {[%clk 0:33:36]} Bf5
{[%clk 0:28:04]} 20. Rac1 {[%clk 0:30:04]} h5 {[%clk 0:23:36]} 21. b3 {[%clk
0:27:49]} Kh7 {[%clk 0:23:09]} 22. Nxf5 {[%clk 0:24:57]} gxf5 {[%clk 0:22:23]}
23. Qd2 {[%clk 0:23:28]} Rad8 {[%clk 0:17:57]} 24. Qxd8 {[%clk 0:19:29]} Rxd8
{[%clk 0:18:14]} 25. Rxd8 {[%clk 0:19:54]} e3 {[%clk 0:17:57]} 26. Rcd1 {[%clk
0:17:58]} exf2+ {[%clk 0:16:39]} 27. Kxf2 {[%clk 0:18:06]} Qe7 {[%clk 0:10:55]}
28. R8d7 {[%clk 0:16:50]} Qc5+ {[%clk 0:09:42]} 29. Kf1 {[%clk 0:16:57]} h4
{[%clk 0:08:50]} 30. Rxb7 {[%clk 0:16:16]} hxg3 {[%clk 0:08:07]} 31. hxg3
{[%clk 0:16:34]} Kg6 {[%clk 0:06:24]} 32. Rc7 {[%clk 0:14:14]} Qe5 {[%clk
0:04:23]} 33. Rxc6+ {[%clk 0:13:49]} Kg5 {[%clk 0:04:16]} 34. Rdd6 {[%clk
0:09:54]} Qa1+ {[%clk 0:02:51]} 35. Kf2 {[%clk 0:10:15]} f4 {[%clk 0:01:03]}
36. Rg6+ {[%clk 0:09:17]} Kf5 {[%clk 0:01:25]} 37. g4+ {[%clk 0:09:29]} Ke5
{[%clk 0:01:34]} 38. Rce6+ {[%clk 0:09:50]} Kd4 {[%clk 0:01:51]} 39. Rxg7
{[%clk 0:10:09]} Qc1 {[%clk 0:01:25]} 40. Re4+ {[%clk 0:10:20]} Kc5 {[%clk
0:01:23]} 41. Rf7 {[%clk 0:10:15]} Qd2 {[%clk 0:00:37]} 42. Rfxf4 {[%clk
0:10:25]} 1-0